Engineering Mathematics Vol-2 / (Record no. 1049)

MARC details
000 -LEADER
Fixed length control field 00465nam a2200181 4500
003 - CONTROL NUMBER IDENTIFIER
Control field SEACOMMC
005 - DATE AND TIME OF LATEST TRANSACTION
Control field 20250501153453.0
008 - FIXED-LENGTH DATA ELEMENTS--GENERAL INFORMATION
Fixed length control field 250204b |||||||| |||| 00| 0 eng d
020 ## - INTERNATIONAL STANDARD BOOK NUMBER / ISBN
International Standard Book Number 81-7381-558-5
Price Rs.195.00
040 ## - CATALOGING SOURCE
Original cataloging agency SEACOMMC
082 ## - DEWEY DECIMAL CLASSIFICATION NUMBER
Classification number 510.02462
Book Number K 18
100 ## - MAIN ENTRY--PERSONAL NAME
Personal name Kar B K
245 1# - TITLE STATEMENT
Title Engineering Mathematics Vol-2 /
Statement of responsibility B K Kar
260 ## - IMPRINT
Place of publication Kolkota
Name of publisher New Central Book Agency
Date of publication 2008
300 ## - PHYSICAL DESCRIPTION
Page / Vol. No Vol.2
650 ## - SUBJECT ADDED ENTRY--TOPICAL TERM
Topical term Mathematics
942 ## - ADDED ENTRY ELEMENTS (KOHA)
Koha item type Books
Holdings
Withdrawn status Lost status Source of classification Damaged status Not for loan Home library Current library Shelving location Date acquired Total Checkouts Call number Accession number Date last seen Price effective from Koha item type Copy number
    Dewey Decimal Classification     SEACOM MANAGEMENT COLLEGE SEACOM MANAGEMENT COLLEGE Reference 05/02/2008   510.02462 K 18 M-1880 04/02/2025 04/02/2025 Books  
    Dewey Decimal Classification     SEACOM MANAGEMENT COLLEGE SEACOM MANAGEMENT COLLEGE   05/02/2008   510.02462 K 18 M-1881 04/02/2025 04/02/2025 Books 1
    Dewey Decimal Classification     SEACOM MANAGEMENT COLLEGE SEACOM MANAGEMENT COLLEGE   05/02/2008   510.02462 K 18 M-1882 04/02/2025 04/02/2025 Books 2
    Dewey Decimal Classification     SEACOM MANAGEMENT COLLEGE SEACOM MANAGEMENT COLLEGE   05/02/2008   510.02462 K 18 M-1883 04/02/2025 04/02/2025 Books 3
    Dewey Decimal Classification     SEACOM MANAGEMENT COLLEGE SEACOM MANAGEMENT COLLEGE   05/02/2008   510.02462 K 18 M-1884 04/02/2025 04/02/2025 Books 4
© Seacom Engineering College, All rights reserved.    Powered by Koha